Fr. Conceicao Rodrigues College of Engineering

Advanced Turbo Pascal:Version IV (Record no. 27092)

MARC details
000 -LEADER
fixed length control field 00323nam a2200145Ia 4500
082 ## - DEWEY DECIMAL CLASSIFICATION NUMBER
Classification number 1.6424
Item number SCH
100 ## - MAIN ENTRY--PERSONAL NAME
Personal name Schildt/ Herbert
245 ## - TITLE STATEMENT
Title Advanced Turbo Pascal:Version IV
260 ## - PUBLICATION, DISTRIBUTION, ETC.
Name of publisher, distributor, etc. Mc Graw Hill
Place of publication, distribution, etc. California
Date of publication, distribution, etc. 1988
300 ## - PHYSICAL DESCRIPTION
Extent 416
546 ## - LANGUAGE NOTE
Language note ENGLISH
654 ## - SUBJECT ADDED ENTRY--FACETED TOPICAL TERMS
Focus term turbo pascal
942 ## - ADDED ENTRY ELEMENTS (KOHA)
Koha item type BOOK
Holdings
Withdrawn status Lost status Damaged status Not for loan Collection Home library Current library Shelving location Date acquired Cost, normal purchase price Total Checkouts Full call number Barcode Date last seen Cost, replacement price Price effective from Koha item type
        CRC Fr. Agnel's C.Rodrigues College of Engineering Fr. Agnel's C.Rodrigues College of Engineering   17/03/2023 408.90   1.6424 SCH 2600 17/03/2023 408.90 17/03/2023 BOOK